Statistics for .IO Games Online

Click here to take the quiz!

General Stats

  • This quiz has been taken 32 times
  • The average score is 5 of 26

Answer Stats

Answer% Correct
slither
86%
agar
69%
paper
62%
diep
59%
splix
34%
zombs
34%
deep
14%
wormate
14%
wormax
14%
snowball
10%
superhex
10%
brutal
7%
hexar
7%
spinz
7%
battleboats
3%
brutes
3%
dodgeballs
3%
glor
3%
goons
3%
knightquest
3%
kuglen
3%
nightpoint
3%
orns
3%
rocketball
3%
rocketball
3%
snowfight
3%

Score Distribution

Percentile by Number Answered

Percent of People with Each Score

Your Score History

You have not taken this quiz